| 000 | 004480000a22001810004500 | ||
|---|---|---|---|
| 003 | MACL | ||
| 005 | 20160101143659.0 | ||
| 008 | 160101b xxu||||| |||| 00| 0 eng d | ||
| 040 |
_aMACL _cMACL |
||
| 041 | _aEnglish | ||
| 082 | _a415/THO | ||
| 100 |
_aThomson, A J _926452 |
||
| 245 | _aA Practical English Grammar | ||
| 260 |
_bOxford University Press _c1986 _aDelhi |
||
| 350 | _a27.50 | ||
| 650 |
_aGrammer _926453 |
||
| 942 |
_cBK _k415/THO _2ddc |
||
| 999 |
_c33767 _d33767 |
||